| 000 | 00525nam a2200169 4500 | ||
|---|---|---|---|
| 999 |
_c9223 _d9223 |
||
| 008 | 151019b xxu||||| |||| 00| 0 eng d | ||
| 020 | _a0534393608 | ||
| 020 | _a9780534393601 | ||
| 050 |
_aQA 3032 _b .C54 2003 |
||
| 100 |
_aClegg, Dan _d2003 |
||
| 245 |
_aStudent solutions manual for multivariable calculus / _cDan Clegg, Barbara Frank |
||
| 250 | _a5th ed. | ||
| 260 |
_aBelmont, Calif. : _bThomson/Brooks/Cole, _c©2003. |
||
| 300 | _aix, 329p.: ill. | ||
| 650 |
_aCalculus _xProblems, exercises |
||
| 700 | _aFrank, Barbara | ||
| 942 |
_2lcc _cBOOKS _hQA 3032 .C54 2003 _02 |
||